00501nam a2200145Ia 4500003000900000008004100009020002600050040001600076100002300092245005200115260003200167300002000199490003300219856010300252IN-BaIIA211028s9999 xx s 000 0 eng d a9780819432483 (Print) cIIA Library aTyson, Robert, ed. 0aAdaptive Optics Systems and Technologyh[eBook] aWashington, USAbSPIEc1999 aOnline resource aProceedings of SPIE; V. 3762 uhttps://www.spiedigitallibrary.org/conference-proceedings-of-spie/3762yClick Here to Access eBook